Ozvučování

Guardado en:
Detalles Bibliográficos
Autor principal: Smetana, Ctirad (Autor)
Formato: Libro
Lenguaje:checo
Publicado: Praha : SNTL, 1987
Edición:1.vyd.
Etiquetas: Agregar Etiqueta
Sin Etiquetas, Sea el primero en etiquetar este registro!

MARC

LEADER 00000nam a22000003a 4500
001 stu8399
005 20150617225806.3
008 950105s1987----cs------------------cze-d
040 |a STU  |b slo 
041 0 |a cze 
044 |a cs 
080 |a 534.8 
100 1 |a Smetana, Ctirad  |4 aut 
245 1 |a Ozvučování 
250 |a 1.vyd. 
260 |a Praha :  |b SNTL,  |c 1987 
300 |a 215 s 
996 |b 284EK03465  |c E*62294  |l EE01  |s A  |a 24  |w stu8399_0001 
996 |b E62298  |c E*62298  |l EE16  |s P  |a 0  |w stu8399_0002